[Event "Francophonie-ch"]
[Site "Casablanca MAR"]
[Date "2022.07.04"]
[Round "4.5"]
[White "Filali, Razzouki Marouan"]
[Black "Chiku-Ratte, Olivier-Kenta"]
[Result "0-1"]
[WhiteElo "2252"]
[BlackElo "2347"]
[PlyCount "128"]
[EventDate "2022.07.02"]
[EventType "swiss"]
[EventRounds "9"]
[EventCountry "MAR"]
[Source "ChessMix"]
[SourceDate "2022.07.10"]

1. e4 {[%emt 0:14:02]} c6 {[%emt 0:00:58]} 2. d4 {[%emt 0:00:07]} d5 {
[%emt 0:00:03]} 3. exd5 {[%emt 0:00:17]} cxd5 {[%emt 0:00:05]} 4. Bd3 {
[%emt 0:00:07]} Nc6 {[%emt 0:00:04]} 5. c3 {[%emt 0:00:02]} Qc7 {[%emt 0:09:10]
} 6. h3 {[%emt 0:05:05]} Nf6 {[%emt 0:00:16]} 7. Nf3 {[%emt 0:00:16]} g6 {
[%emt 0:01:01]} 8. Qc2 {[%emt 0:03:27]} Bg7 {[%emt 0:06:47]} 9. O-O {
[%emt 0:02:10]} O-O {[%emt 0:00:43]} 10. Re1 {[%emt 0:01:52]} Nh5 {
[%emt 0:05:01]} 11. Be3 a6 {[%emt 0:06:41]} 12. Nbd2 {[%emt 0:02:40]} Nf4 {
[%emt 0:21:45]} 13. Bf1 {[%emt 0:00:11]} Ne6 {[%emt 0:00:26]} 14. Qb3 {
[%emt 0:13:45]} Qd6 {[%emt 0:07:57]} 15. Ng5 {[%emt 0:06:56]} Nc7 {
[%emt 0:10:00]} 16. g3 {[%emt 0:12:19]} h6 {[%emt 0:10:30]} 17. Bf4 {
[%emt 0:02:27]} Qd8 {[%emt 0:02:26]} 18. Bxc7 {[%emt 0:05:08]} Qxc7 {
[%emt 0:00:04]} 19. Ngf3 {[%emt 0:00:09]} Rd8 {[%emt 0:02:42]} 20. Bg2 {
[%emt 0:01:57]} Rb8 {[%emt 0:02:15]} 21. Qd1 {[%emt 0:07:01]} Qd6 {
[%emt 0:04:44]} 22. Qe2 {[%emt 0:00:37]} b5 {[%emt 0:00:40]} 23. a3 {
[%emt 0:02:59]} a5 {[%emt 0:01:19]} 24. Ne5 {[%emt 0:04:28]} Nxe5 {
[%emt 0:00:33]} 25. dxe5 {[%emt 0:00:05]} Qb6 {[%emt 0:00:04]} 26. Kh2 {
[%emt 0:03:18]} d4 {[%emt 0:01:42]} 27. cxd4 {[%emt 0:00:34]} Qxd4 {
[%emt 0:00:01]} 28. Nb3 {[%emt 0:02:20]} Qa7 {[%emt 0:03:06]} 29. Rad1 {
[%emt 0:04:19]} Be6 {[%emt 0:00:24]} 30. Rxd8+ {[%emt 0:02:15]} Rxd8 31. Qxb5 {
[%emt 0:01:48]} Qxf2 {[%emt 0:05:53]} 32. Re2 {[%emt 0:00:19]} Qf5 {
[%emt 0:04:11]} 33. Nd2 {[%emt 0:03:41]} Qd3 {[%emt 0:00:44]} 34. Qxa5 {
[%emt 0:05:14]} Rd5 {[%emt 0:00:29]} 35. Bxd5 {[%emt 0:02:40]} Qxe2+ {
[%emt 0:00:06]} 36. Bg2 {[%emt 0:00:10]} Bxh3 {[%emt 0:00:50]} 37. Qa8+ {
[%emt 0:00:56]} Bf8 {[%emt 0:00:32]} 38. Qe4 {[%emt 0:00:02]} Qxd2 {
[%emt 0:00:16]} 39. Kxh3 {[%emt 0:00:10]} Qxb2 {[%emt 0:00:15]} 40. a4 {
[%emt 0:00:46]} e6 {[%emt 0:00:24]} 41. Qe3 {[%emt 0:01:52]} Bg7 {
[%emt 0:00:49]} 42. a5 {[%emt 0:01:05]} Qxe5 {[%emt 0:00:07]} 43. Qxe5 {
[%emt 0:00:09]} Bxe5 44. Kg4 {[%emt 0:00:09]} f5+ {[%emt 0:00:10]} 45. Kf3 {
[%emt 0:00:01]} Bd4 {[%emt 0:00:23]} 46. a6 {[%emt 0:00:03]} Kf7 {
[%emt 0:00:10]} 47. Bf1 {[%emt 0:00:08]} Kf6 {[%emt 0:00:44]} 48. g4 {
[%emt 0:00:29]} Kg5 {[%emt 0:00:43]} 49. gxf5 {[%emt 0:00:03]} exf5 {
[%emt 0:00:16]} 50. Bb5 {[%emt 0:01:08]} Ba7 {[%emt 0:01:46]} 51. Bc4 {
[%emt 0:00:17]} Kf6 {[%emt 0:00:17]} 52. Bb5 {[%emt 0:00:16]} h5 {
[%emt 0:01:00]} 53. Be8 {[%emt 0:00:22]} Bb8 {[%emt 0:00:37]} 54. Kg2 {
[%emt 0:00:21]} Kg5 {[%emt 0:00:35]} 55. Bf7 {[%emt 0:00:54]} Kh6 {
[%emt 0:00:28]} 56. Be8 {[%emt 0:01:18]} Ba7 {[%emt 0:00:32]} 57. Kg3 {
[%emt 0:00:14]} Bb6 {[%emt 0:00:31]} 58. Kf3 {[%emt 0:00:34]} Ba7 {
[%emt 0:00:30]} 59. Kg3 {[%emt 0:00:02]} Bb8+ {[%emt 0:00:05]} 60. Kf3 {
[%emt 0:00:19]} g5 {[%emt 0:00:13]} 61. Bd7 {[%emt 0:01:43]} g4+ {
[%emt 0:00:05]} 62. Kg2 {[%emt 0:00:23]} Kg5 {[%emt 0:00:07]} 63. Bc6 {
[%emt 0:00:35]} h4 {[%emt 0:00:08]} 64. Bb7 {[%emt 0:00:47]} h3+ {
[%emt 0:00:10]} 0-1

[Event "Francophonie-ch"]
[Site "Casablanca MAR"]
[Date "2022.07.05"]
[Round "6.5"]
[White "Boudriga, Mohamed Ali"]
[Black "Chiku-Ratte, Olivier-Kenta"]
[Result "0-1"]
[WhiteElo "2308"]
[BlackElo "2347"]
[PlyCount "130"]
[EventDate "2022.07.02"]
[EventType "swiss"]
[EventRounds "9"]
[EventCountry "MAR"]
[Source "ChessMix"]
[SourceDate "2022.07.10"]

1. d4 Nf6 2. c4 g6 3. Nc3 Bg7 4. e4 d6 5. f3 O-O 6. Be3 Nc6 7. Qd2 a6 8. Nge2
Rb8 9. b3 b5 10. d5 Ne5 11. c5 c6 12. dxc6 Nxc6 13. cxd6 b4 14. Na4 Nxe4 15.
fxe4 Bxa1 16. Qc1 Bc3+ 17. Nexc3 bxc3 18. Qxc3 Qxd6 19. Bh6 Qb4 20. Qxb4 Nxb4
21. Bxf8 Kxf8 22. Nc3 Be6 23. Kd2 Rd8+ 24. Kc1 Kg7 25. a3 Nc6 26. b4 a5 27. b5
Nd4 28. Kb2 Nb3 29. Na4 Nd4 30. Kc3 Bd7 31. Kxd4 Bxb5+ 32. Kc5 Bxa4 33. Ba6 Rd2
34. Kb6 Ra2 35. Kxa5 Rxa3 36. Kb4 Ra2 37. Bc4 Rc2 38. Rg1 Bc6 39. Bd3 Ra2 40.
Kc5 Ba4 41. e5 Rd2 42. Be4 Bc2 43. Bf3 Bf5 44. Rd1 Rc2+ 45. Kd4 Ra2 46. Rc1 Ra7
47. Rc4 f6 48. exf6+ Kxf6 49. Rc3 e6 50. Ke3 Ke5 51. Rc5+ Kf6 52. Rc3 Bb1 53.
h4 h6 54. g3 Ba2 55. Be4 g5 56. hxg5+ hxg5 57. Rc5 Ra3+ 58. Kf2 Rb3 59. Ra5
Rb2+ 60. Ke3 Bc4 61. Rc5 Re2+ 62. Kf3 g4+ 63. Kf4 e5+ 64. Rxe5 Rf2+ 65. Ke3
Kxe5 0-1

[Event "Francophonie-ch"]
[Site "Casablanca MAR"]
[Date "2022.07.06"]
[Round "7.2"]
[White "Chiku-Ratte, Olivier-Kenta"]
[Black "Travadon, Loic"]
[Result "0-1"]
[WhiteElo "2347"]
[BlackElo "2452"]
[PlyCount "48"]
[EventDate "2022.07.02"]
[EventType "swiss"]
[EventRounds "9"]
[EventCountry "MAR"]
[Source "ChessMix"]
[SourceDate "2022.07.10"]

1. d4 {[%emt 0:00:06]} Nf6 {[%emt 0:00:04]} 2. c4 {[%emt 0:00:18]} g6 {
[%emt 0:00:02]} 3. Nc3 {[%emt 0:00:17]} Bg7 {[%emt 0:00:03]} 4. g3 {
[%emt 0:00:03]} O-O {[%emt 0:01:15]} 5. Bg2 {[%emt 0:00:04]} d6 {[%emt 0:00:12]
} 6. Nf3 {[%emt 0:00:22]} Bf5 {[%emt 0:00:16]} 7. Nh4 {[%emt 0:02:34]} Bc8 {
[%emt 0:00:02]} 8. Nf3 {[%emt 0:01:18]} Nc6 {[%emt 0:02:30]} 9. O-O {
[%emt 0:00:05]} Rb8 {[%emt 0:00:44]} 10. h3 {[%emt 0:00:36]} a6 {[%emt 0:00:07]
} 11. e4 {[%emt 0:03:22]} b5 {[%emt 0:01:34]} 12. e5 {[%emt 0:06:28]} dxe5 {
[%emt 0:02:58]} 13. dxe5 {[%emt 0:00:27]} Nd7 {[%emt 0:00:38]} 14. e6 {
[%emt 0:00:21]} fxe6 {[%emt 0:00:45]} 15. cxb5 {[%emt 0:00:06]} axb5 {
[%emt 0:00:04]} 16. Qe2 {[%emt 0:00:04]} b4 {[%emt 0:00:41]} 17. Ne4 {
[%emt 0:00:36]} Rxf3 {[%emt 0:00:13]} 18. Qxf3 {[%emt 0:10:47]} Nd4 {
[%emt 0:00:01]} 19. Qd1 {[%emt 0:02:06]} Ba6 {[%emt 0:00:32]} 20. Re1 {
[%emt 0:08:38]} Ne5 {[%emt 0:00:17]} 21. Nc5 {[%emt 0:06:13]} Be2 {
[%emt 0:00:07]} 22. Nxe6 {[%emt 0:29:04]} Nef3+ {[%emt 0:04:31]} 23. Bxf3 {
[%emt 0:14:48]} Nxf3+ {[%emt 0:00:05]} 24. Kg2 {[%emt 0:01:02]} Bxd1 {
[%emt 0:00:11]} 0-1

[Event "Francophonie-ch"]
[Site "Casablanca MAR"]
[Date "2022.07.07"]
[Round "8.6"]
[White "Real, Thibault"]
[Black "Chiku-Ratte, Olivier-Kenta"]
[Result "0-1"]
[WhiteElo "2267"]
[BlackElo "2347"]
[PlyCount "90"]
[EventDate "2022.07.02"]
[EventType "swiss"]
[EventRounds "9"]
[EventCountry "MAR"]
[Source "ChessMix"]
[SourceDate "2022.07.10"]

1. d4 {[%emt 0:00:02]} d5 {[%emt 0:00:04]} 2. c4 {[%emt 0:00:07]} e6 {
[%emt 0:00:04]} 3. Nc3 {[%emt 0:00:12]} a6 {[%emt 0:00:03]} 4. g3 {
[%emt 0:16:32]} Nf6 {[%emt 0:07:02]} 5. Bg2 {[%emt 0:01:05]} Be7 {
[%emt 0:01:22]} 6. Nf3 {[%emt 0:03:29]} O-O {[%emt 0:02:24]} 7. O-O {
[%emt 0:03:04]} c6 {[%emt 0:05:28]} 8. b3 {[%emt 0:15:12]} b6 {[%emt 0:07:32]}
9. Bb2 {[%emt 0:06:11]} Bb7 {[%emt 0:02:44]} 10. Qd3 {[%emt 0:01:16]} Nbd7 {
[%emt 0:02:38]} 11. Rfd1 {[%emt 0:06:35]} b5 {[%emt 0:03:05]} 12. Rac1 {
[%emt 0:01:17]} bxc4 {[%emt 0:13:55]} 13. bxc4 {[%emt 0:00:06]} a5 {
[%emt 0:00:12]} 14. cxd5 {[%emt 0:17:20]} Ba6 {[%emt 0:00:50]} 15. Qc2 {
[%emt 0:04:19]} cxd5 {[%emt 0:01:25]} 16. Ne5 {[%emt 0:01:23]} Rc8 {
[%emt 0:13:27]} 17. Qd2 {[%emt 0:11:24]} Nxe5 {[%emt 0:04:39]} 18. dxe5 {
[%emt 0:00:05]} Ng4 {[%emt 0:00:07]} 19. Qf4 {[%emt 0:02:21]} h5 {
[%emt 0:08:18]} 20. Na4 {[%emt 0:05:05]} Rxc1 {[%emt 0:02:18]} 21. Bxc1 {
[%emt 0:00:13]} Bxe2 {[%emt 0:00:34]} 22. Re1 {[%emt 0:00:25]} Bc4 {
[%emt 0:00:29]} 23. h3 {[%emt 0:01:43]} Nh6 {[%emt 0:00:39]} 24. Qf3 {
[%emt 0:00:34]} Nf5 {[%emt 0:00:42]} 25. Qxh5 {[%emt 0:00:36]} Bxa2 {
[%emt 0:00:31]} 26. Qd1 {[%emt 0:01:27]} Qb8 {[%emt 0:00:39]} 27. g4 {
[%emt 0:00:25]} Bb3 {[%emt 0:01:29]} 28. Qd3 {[%emt 0:00:07]} Qb4 {
[%emt 0:00:27]} 29. Bd2 {[%emt 0:01:32]} Qxa4 {[%emt 0:00:04]} 30. gxf5 {
[%emt 0:00:06]} Bc2 {[%emt 0:00:02]} 31. Qc3 {[%emt 0:00:37]} Bb4 {
[%emt 0:01:05]} 32. Qd4 {[%emt 0:00:48]} Bxd2 {[%emt 0:00:19]} 33. Qxd2 {
[%emt 0:00:04]} Bxf5 {[%emt 0:00:03]} 34. Qg5 {[%emt 0:00:28]} Qb4 {
[%emt 0:01:25]} 35. Re3 {[%emt 0:00:06]} Qd2 {[%emt 0:04:49]} 36. h4 {
[%emt 0:01:08]} d4 {[%emt 0:00:11]} 37. Ra3 {[%emt 0:00:40]} Qe1+ {
[%emt 0:04:29]} 38. Bf1 {[%emt 0:00:07]} d3 {[%emt 0:01:48]} 39. h5 {
[%emt 0:00:05]} d2 {[%emt 0:00:18]} 40. h6 {[%emt 0:00:05]} Qxf1+ {
[%emt 0:00:24]} 41. Kxf1 {[%emt 0:00:12]} d1=Q+ {[%emt 0:00:03]} 42. Kg2 {
[%emt 0:00:07]} Qg4+ {[%emt 0:00:22]} 43. Qxg4 {[%emt 0:02:13]} Bxg4 {
[%emt 0:00:02]} 44. hxg7 {[%emt 0:00:44]} Ra8 {[%emt 0:00:22]} 45. f4 {
[%emt 0:00:27]} Bf5 {[%emt 0:00:27]} 0-1

[Event "Francophonie-ch"]
[Site "Casablanca MAR"]
[Date "2022.07.08"]
[Round "9.4"]
[White "Chiku-Ratte, Olivier-Kenta"]
[Black "Dornbusch, Tatiana"]
[Result "0-1"]
[WhiteElo "2347"]
[BlackElo "2247"]
[PlyCount "82"]
[EventDate "2022.07.02"]
[EventType "swiss"]
[EventRounds "9"]
[EventCountry "MAR"]
[Source "ChessMix"]
[SourceDate "2022.07.10"]

1. d4 {[%emt 0:02:10]} Nf6 {[%emt 0:00:13]} 2. c4 {[%emt 0:00:06]} c5 {
[%emt 0:00:37]} 3. d5 {[%emt 0:00:03]} b5 {[%emt 0:00:14]} 4. Qc2 {
[%emt 0:00:05]} g6 {[%emt 0:05:43]} 5. e4 {[%emt 0:02:18]} d6 {[%emt 0:01:03]}
6. Nc3 {[%emt 0:08:54]} b4 {[%emt 0:09:47]} 7. Nd1 {[%emt 0:03:28]} Bg7 {
[%emt 0:00:23]} 8. Bd3 {[%emt 0:02:06]} O-O {[%emt 0:01:15]} 9. Ne2 {
[%emt 0:00:33]} Nbd7 {[%emt 0:04:46]} 10. f4 {[%emt 0:00:44]} e5 {
[%emt 0:03:27]} 11. dxe6 {[%emt 0:19:14]} fxe6 {[%emt 0:00:42]} 12. O-O {
[%emt 0:00:04]} Bb7 {[%emt 0:02:07]} 13. Ne3 {[%emt 0:03:12]} Qc7 {
[%emt 0:10:27]} 14. Bd2 {[%emt 0:02:02]} Qc6 {[%emt 0:02:21]} 15. Ng3 {
[%emt 0:01:55]} Kh8 {[%emt 0:07:59]} 16. Rf2 {[%emt 0:07:42]} a5 {
[%emt 0:10:38]} 17. Raf1 {[%emt 0:03:17]} Rae8 {[%emt 0:06:44]} 18. Qd1 {
[%emt 0:09:38]} Ng8 {[%emt 0:06:51]} 19. Bc1 {[%emt 0:02:37]} Bd4 {
[%emt 0:02:43]} 20. Qg4 {[%emt 0:11:47]} Qc8 {[%emt 0:04:04]} 21. Qh3 {
[%emt 0:04:41]} Kg7 {[%emt 0:03:50]} 22. Ne2 {[%emt 0:07:23]} Ndf6 {
[%emt 0:02:08]} 23. Nxd4 {[%emt 0:00:58]} cxd4 {[%emt 0:00:08]} 24. Nc2 {
[%emt 0:00:01]} Nxe4 {[%emt 0:01:39]} 25. Re2 {[%emt 0:00:13]} Nc5 {
[%emt 0:04:27]} 26. Qg3 {[%emt 0:04:39]} e5 {[%emt 0:01:22]} 27. fxe5 {
[%emt 0:00:25]} Rxf1+ {[%emt 0:00:28]} 28. Kxf1 Nxd3 {[%emt 0:00:43]} 29. Qxd3
{[%emt 0:00:03]} dxe5 {[%emt 0:00:23]} 30. Nxd4 {[%emt 0:05:05]} Qd7 {
[%emt 0:03:10]} 31. Qe3 {[%emt 0:00:53]} Rf8+ {[%emt 0:00:39]} 32. Nf3 {
[%emt 0:00:04]} e4 {[%emt 0:01:39]} 33. Rd2 {[%emt 0:00:51]} Qc6 {
[%emt 0:00:46]} 34. Qd4+ {[%emt 0:00:45]} Rf6 {[%emt 0:00:30]} 35. Qd7+ {
[%emt 0:00:42]} Kf8 {[%emt 0:00:51]} 36. Qxh7 {[%emt 0:00:33]} Qxc4+ {
[%emt 0:00:39]} 37. Kf2 {[%emt 0:00:15]} Bd5 {[%emt 0:01:07]} 38. Rxd5 {
[%emt 0:00:56]} Qxd5 {[%emt 0:00:12]} 39. Bh6+ {[%emt 0:00:18]} Nxh6 {
[%emt 0:00:33]} 40. Qxh6+ Kg8 {[%emt 0:00:21]} 41. Qh4 {[%emt 0:00:57]} Kg7 {
[%emt 0:00:16]} 0-1

[Event "Francophonie-Tch rapid Online"]
[Site "Tornelo"]
[Date "2022.06.04"]
[Round "1.1"]
[White "Chiku-Ratte, Olivier-Kenta"]
[Black "Adam, Rafael"]
[Result "1-0"]
[WhiteElo "2353"]
[BlackElo "1722"]
[PlyCount "99"]
[EventDate "2022.06.04"]
[EventType "team"]
[EventRounds "11"]
[EventCountry "NET"]
[WhiteTeam "Kanada"]
[BlackTeam "Kanada"]
[WhiteTeamCountry "CAN"]
[BlackTeamCountry "CAN"]

1. d4 Nf6 2. Nf3 e6 3. c4 Bb4+ 4. Bd2 Qe7 5. g3 Nc6 6. Bg2 Bxd2+ 7. Nbxd2 d6 8.
O-O O-O 9. e4 e5 10. d5 Nb8 11. Ne1 Bg4 12. f3 Bh5 13. Nd3 Nbd7 14. Rc1 a5 15.
Qe2 b6 16. b3 Nc5 17. Nf2 h6 18. a3 Ra7 19. Rc2 a4 20. b4 Nb3 21. Rb2 Nd4 22.
Qe3 Raa8 23. g4 Bg6 24. f4 Nd7 25. f5 Bh7 26. Nf3 Nxf3+ 27. Bxf3 Qg5 28. Re1
Qxe3 29. Rxe3 g5 30. Rc3 f6 31. Nd3 Rfb8 32. Bd1 Kf7 33. Rbc2 Ke7 34. Rc1 Ra7
35. c5 b5 36. cxd6+ cxd6 37. Rc8 Rab7 38. Kf2 Bg8 39. Be2 Bf7 40. Rxb8 Rxb8 41.
Rc7 Kd8 42. Ra7 Be8 43. Nb2 Rb6 44. Nd1 Kc8 45. Nc3 Kb8 46. Ra5 Kb7 47. Bxb5
Kb8 48. Bc6 Kc7 49. Nb5+ Kd8 50. Nxd6 1-0

[Event "Francophonie-Tch rapid Online"]
[Site "Tornelo"]
[Date "2022.06.04"]
[Round "2.1"]
[White "Codreanu, Marius"]
[Black "Chiku-Ratte, Olivier-Kenta"]
[Result "0-1"]
[WhiteElo "1791"]
[BlackElo "2353"]
[PlyCount "122"]
[EventDate "2022.06.04"]
[EventType "team"]
[EventRounds "11"]
[EventCountry "NET"]
[WhiteTeam "Moldowa"]
[BlackTeam "Kanada"]
[WhiteTeamCountry "MDA"]
[BlackTeamCountry "CAN"]

1. e4 c5 2. Nf3 e6 3. d4 cxd4 4. Nxd4 Nc6 5. Nc3 Qc7 6. Be3 a6 7. f3 Nf6 8. Qd2
Bb4 9. a3 Be7 10. g4 d6 11. O-O-O b5 12. Nxc6 Qxc6 13. h4 h5 14. g5 Nd7 15. f4
Bb7 16. Kb1 Nb6 17. Qd4 Nc4 18. Bxc4 Qxc4 19. Qxg7 Rf8 20. Qh6 Bxe4 21. Rd4
Bxh1 22. Rxc4 bxc4 23. Qxh5 Kd7 24. Qd1 Bc6 25. Qg4 f5 26. Qe2 Rh8 27. h5 e5
28. fxe5 dxe5 29. g6 Rac8 30. h6 f4 31. Bb6 f3 32. Qxe5 Rhe8 33. Ne4 Bxe4 34.
Qxe4 Rc6 35. Bd4 Re6 36. Qxf3 Rxg6 37. Qb7+ Ke6 38. Qxa6+ Bd6 39. Qxc4+ Ke7 40.
Bc5 Rxh6 41. b4 Bxc5 42. Qxc5+ Rd6 43. Kb2 Red8 44. Kb3 Ke6 45. a4 Rd5 46. Qc4
Ke5 47. b5 Rd1 48. Kb2 R1d4 49. Qc7+ Ke4 50. c4 Rd3 51. a5 R8d7 52. Qc6+ Ke3
53. b6 Rh7 54. Qe6+ Kd2 55. a6 Rh2 56. Qe5 Rf2 57. Qc5 Rg2 58. Ka1 Kc1 59. Qb4
Rgg3 60. Qb1+ Kd2 61. Qc2+ Kxc2 0-1

[Event "Francophonie-Tch rapid Online"]
[Site "Tornelo"]
[Date "2022.06.04"]
[Round "3.1"]
[White "Chiku-Ratte, Olivier-Kenta"]
[Black "Doknjas, Neil"]
[Result "1-0"]
[WhiteElo "2353"]
[BlackElo "2128"]
[PlyCount "111"]
[EventDate "2022.06.04"]
[EventType "team"]
[EventRounds "11"]
[EventCountry "NET"]
[WhiteTeam "Kanada"]
[BlackTeam "Kanada"]
[WhiteTeamCountry "CAN"]
[BlackTeamCountry "CAN"]

1. d4 Nf6 2. c4 e6 3. Nf3 d5 4. Nc3 dxc4 5. e4 b5 6. e5 Nd5 7. Nxb5 Nb6 8. Be2
Nc6 9. O-O Be7 10. Na3 Bxa3 11. bxa3 O-O 12. Be3 Ne7 13. Qc2 a5 14. Ng5 Nf5 15.
Rfd1 h6 16. Ne4 Nxe3 17. fxe3 Nd5 18. Qc1 Qh4 19. Bf3 Qe7 20. Nc5 Qg5 21. e4
Qxc1 22. Raxc1 Nb6 23. Kf2 Rd8 24. Ke3 Ba6 25. Nxa6 Rxa6 26. Be2 Kf8 27. Bxc4
Nxc4+ 28. Rxc4 c6 29. Rb1 Ke7 30. Rb7+ Rd7 31. Rb8 Rd8 32. Rb3 Rd7 33. Rbc3 Rb7
34. Rxc6 Rxc6 35. Rxc6 Rb2 36. Rc7+ Ke8 37. d5 exd5 38. exd5 Rxa2 39. Kd4 Rxa3
40. Kc5 Rb3 41. Ra7 Rc3+ 42. Kd6 Rc8 43. e6 Rd8+ 44. Ke5 f6+ 45. Ke4 g6 46.
Rxa5 Ke7 47. Ra7+ Kd6 48. Kd4 h5 49. Rf7 g5 50. h3 h4 51. Ke4 Ra8 52. Rd7+ Kc5
53. Kf5 Ra2 54. e7 Rf2+ 55. Kg6 Re2 56. Kf7 1-0

[Event "Francophonie-Tch rapid Online"]
[Site "Tornelo"]
[Date "2022.06.04"]
[Round "4.1"]
[White "Hesham, Abdelrahman"]
[Black "Chiku-Ratte, Olivier-Kenta"]
[Result "0-1"]
[WhiteElo "2385"]
[BlackElo "2353"]
[PlyCount "110"]
[EventDate "2022.06.04"]
[EventType "team"]
[EventRounds "11"]
[EventCountry "NET"]
[WhiteTeam "Ägypten"]
[BlackTeam "Kanada"]
[WhiteTeamCountry "EGY"]
[BlackTeamCountry "CAN"]

1. d4 d5 2. c4 c6 3. Nf3 Nf6 4. e3 g6 5. Nc3 Bg7 6. Be2 O-O 7. O-O b6 8. b3 Bb7
9. a4 a5 10. Ba3 Ne4 11. Nxe4 dxe4 12. Ng5 c5 13. d5 e6 14. Nxe4 exd5 15. cxd5
Qxd5 16. Bf3 Qe5 17. Nd2 Qxa1 18. Qxa1 Bxa1 19. Bxb7 Ra7 20. Bf3 Bg7 21. Nc4
Nd7 22. Rd1 Rb8 23. Rd6 Bf8 24. Rc6 b5 25. axb5 Rxb5 26. Rc8 Rxb3 27. h4 Rb8
28. Rc6 a4 29. h5 Bg7 30. Bd5 Nf6 31. e4 Nxd5 32. exd5 Bd4 33. d6 Rd8 34. h6
Kf8 35. Nb6 f6 36. Rc7 Rxd6 37. Rxa7 Rxb6 38. Rxh7 Rb3 39. Bxc5+ Bxc5 40. Rc7
Bd4 41. h7 f5 42. Rc8+ Ke7 43. h8=Q Bxh8 44. Rxh8 a3 45. Ra8 Ke6 46. Ra5 Kd6
47. Kh2 Kc6 48. f4 Kb6 49. Ra8 Kb5 50. g3 Kb4 51. Kh3 Kc3 52. Kh4 Kb2 53. g4
fxg4 54. Kxg4 a2 55. Kg5 Rb6 0-1

[Event "Francophonie-Tch rapid Online"]
[Site "Tornelo"]
[Date "2022.06.04"]
[Round "5.1"]
[White "Chiku-Ratte, Olivier-Kenta"]
[Black "Bouzidi, Ahmed"]
[Result "1-0"]
[WhiteElo "2353"]
[BlackElo "2148"]
[PlyCount "51"]
[EventDate "2022.06.04"]
[EventType "team"]
[EventRounds "11"]
[EventCountry "NET"]
[WhiteTeam "Kanada"]
[BlackTeam "Tunesien"]
[WhiteTeamCountry "CAN"]
[BlackTeamCountry "TUN"]

{Clock started by Arbiter.} 1. d4 d5 2. c4 e6 3. Nc3 Be7 4. cxd5 exd5 5. Bf4
Nf6 6. e3 O-O 7. Bd3 a6 8. Qc2 Nbd7 9. Nf3 c5 10. O-O b6 11. Ne5 Bb7 12. Rad1
Re8 13. Bg5 c4 14. Bf5 Nf8 15. f4 Bc8 16. Rf3 b5 17. a3 Be6 18. Rh3 Qc8 19.
Bxe6 Qxe6 20. Qe2 Ne4 21. Nxe4 dxe4 22. d5 Qf5 23. Bxe7 Rxe7 24. d6 Re6 25. Rd5
Qf6 26. Qd2 {Black Loss on Time} 1-0

[Event "Francophonie-Tch rapid Online"]
[Site "Tornelo"]
[Date "2022.06.04"]
[Round "6.1"]
[White "Jose Polanco, Kenia"]
[Black "Chiku-Ratte, Olivier-Kenta"]
[Result "0-1"]
[WhiteElo "1787"]
[BlackElo "2353"]
[PlyCount "54"]
[EventDate "2022.06.04"]
[EventType "team"]
[EventRounds "11"]
[EventCountry "NET"]
[WhiteTeam "Monaco"]
[BlackTeam "Kanada"]
[WhiteTeamCountry "MNC"]
[BlackTeamCountry "CAN"]

1. d4 Nf6 2. Bf4 c5 3. c3 b6 4. d5 g6 5. Nf3 Bg7 6. g3 Bb7 7. d6 e6 8. Nbd2 Nd5
9. Qc2 Nc6 10. e4 Nxf4 11. gxf4 Bh6 12. f5 O-O 13. O-O-O exf5 14. exf5 Ne5 15.
Nxe5 Bxh1 16. fxg6 Bd5 17. Ng4 Bg7 18. gxh7+ Kh8 19. Ne3 Be6 20. Bg2 Rb8 21.
Rg1 Qh4 22. Nf3 Qxh7 23. Qa4 b5 24. Qf4 Bh6 25. Ng5 Qg7 26. Nxe6 fxe6 27. Qh4
Qg5 0-1

[Event "Francophonie-Tch rapid Online"]
[Site "Tornelo"]
[Date "2022.06.04"]
[Round "7.1"]
[White "Chiku-Ratte, Olivier-Kenta"]
[Black "Shuqja, Klean"]
[Result "1-0"]
[WhiteElo "2353"]
[BlackElo "1845"]
[PlyCount "107"]
[EventDate "2022.06.04"]
[EventType "team"]
[EventRounds "11"]
[EventCountry "NET"]
[WhiteTeam "Kanada"]
[BlackTeam "Albanien"]
[WhiteTeamCountry "CAN"]
[BlackTeamCountry "ALB"]

1. d4 Nf6 2. c4 e6 3. Nf3 Bb4+ 4. Bd2 Qe7 5. g3 b6 6. Bg2 Bb7 7. O-O Bxd2 8.
Nbxd2 O-O 9. Qc2 d6 10. e4 e5 11. d5 Nbd7 12. Ne1 Rfc8 13. Rc1 c6 14. dxc6 Rxc6
15. a4 a6 16. Nd3 Rac8 17. Qb1 Nc5 18. Nb4 R6c7 19. b3 Ne6 20. Rfe1 Nd4 21. Nf3
Nc6 22. Nd5 Nxd5 23. exd5 Nb4 24. Rcd1 b5 25. Nxe5 Qd8 26. Nf3 bxa4 27. bxa4
Rxc4 28. Bf1 Nc2 29. Qxb7 Nxe1 30. Rxe1 R4c7 31. Qxa6 Qf6 32. Qe2 h6 33. a5 Rc5
34. a6 Rxd5 35. Rd1 Ra5 36. Nd4 Ra8 37. Qf3 Qxf3 38. Nxf3 d5 39. Ne5 f6 40. Nc6
Rc5 41. Ne7+ Kf7 42. Nxd5 Rd8 43. Ne3 Rxd1 44. Nxd1 Ra5 45. Bc4+ Ke7 46. Ne3
Ra1+ 47. Kg2 g6 48. h4 f5 49. h5 Kf6 50. hxg6 Kxg6 51. Bd3 Kg5 52. Kf3 Ra4 53.
Nxf5 Ra3 54. Ke3 1-0

[Event "Francophonie-Tch rapid Online"]
[Site "Tornelo"]
[Date "2022.06.04"]
[Round "8.1"]
[White "Meftahi, Houssem"]
[Black "Chiku-Ratte, Olivier-Kenta"]
[Result "0-1"]
[WhiteElo "2113"]
[BlackElo "2353"]
[PlyCount "66"]
[EventDate "2022.06.04"]
[EventType "team"]
[EventRounds "11"]
[EventCountry "NET"]
[WhiteTeam "Tunesien"]
[BlackTeam "Kanada"]
[WhiteTeamCountry "TUN"]
[BlackTeamCountry "CAN"]

1. e4 c5 2. Nf3 Nf6 3. Nc3 d6 4. d4 cxd4 5. Nxd4 g6 6. Be3 Bg7 7. Bc4 O-O 8. f3
a6 9. Qd2 b5 10. Bb3 Bb7 11. O-O-O b4 12. Na4 a5 13. g4 Nc6 14. h4 h5 15. Rdg1
e6 16. gxh5 Nxh5 17. Nb5 Ne5 18. Rh3 d5 19. exd5 Bxd5 20. Bxd5 exd5 21. Rg4 Nc4
22. Qd3 Qe8 23. Bd4 Bh6+ 24. Rg5 Nf4 25. Qd1 Nxh3 26. Kb1 Qxb5 27. Nc5 Qc6 28.
Qh1 Rfe8 29. b3 Na3+ 30. Kb2 Re2 31. Qxh3 Rxc2+ 32. Ka1 Rc1+ 33. Kb2 Rb1# 0-1

[Event "Francophonie-Tch rapid Online"]
[Site "Tornelo"]
[Date "2022.06.04"]
[Round "9.1"]
[White "Chiku-Ratte, Olivier-Kenta"]
[Black "Shamieh, Jamal"]
[Result "1-0"]
[WhiteElo "2353"]
[BlackElo "2034"]
[PlyCount "73"]
[EventDate "2022.06.04"]
[EventType "team"]
[EventRounds "11"]
[EventCountry "NET"]
[WhiteTeam "Kanada"]
[BlackTeam "Libanon"]
[WhiteTeamCountry "CAN"]
[BlackTeamCountry "LBN"]

1. d4 Nf6 2. c4 c5 3. d5 e5 4. Nc3 d6 5. g3 Be7 6. Bg2 Nbd7 7. e4 Nf8 8. h4 h5
9. Nh3 Ng6 10. Ng5 Bg4 11. f3 Bd7 12. Be3 Nh7 13. Nxh7 Rxh7 14. Qd3 Nf8 15. a3
g5 16. hxg5 Bxg5 17. f4 Bf6 18. f5 Bg5 19. Qd2 Bxe3 20. Qxe3 Qf6 21. b4 b6 22.
Kd2 Qh6 23. Qxh6 Rxh6 24. Bf3 Ke7 25. Bxh5 cxb4 26. axb4 a5 27. bxa5 bxa5 28.
Be2 Rxh1 29. Rxh1 Kf6 30. Rh6+ Ke7 31. f6+ Ke8 32. Rh8 a4 33. Bd1 a3 34. Bb3
Ba4 35. Bxa4+ Rxa4 36. Nxa4 a2 37. Rh1 1-0